000 00888nam a2200181 i 4500
001 156020
003 ES-MaACL
005 20230906210308.0
008 050803s1882 sp | |||||||| ||spa d
040 _aCAM
_bspa
_cCAM
110 2 _aInstituto Provincial de Segunda Enseñanza de Navarra.
_95223
245 1 0 _aMemoria acerca del estado del Instituto Provincial de Segunda Enseñanza de Navarra
_b: leída el día 1º de Octubre en la solemne apertura del curso académico de 1882 a 1883 /
_cpor Víctor Sainz de Robles.
260 _aPamplona :
_b[s.n.],
_c1882 (
_fImprenta Provincial, á cargo de V. Cantera)
300 _a79 p. ;
_c21 cm.
610 2 4 _aInstituto Provincial de Segunda Enseñanza de Navarra-
_vMemorias.
_9134531
700 1 _aSáinz de Robles, Víctor.
_9132999
852 _aES-MaACL
_jT-376-F-9
_z-- Enc. hol., falto de la cub. original
_z-- Enc. en un vol. facticio
999 _c156020
_d156020